Understanding public policy : (Record no. 760795)

MARC details
000 -LEADER
fixed length control field 01479cam a22001934a 4500
020 ## - INTERNATIONAL STANDARD BOOK NUMBER
ISBN 9789361314469
082 00 - DEWEY DECIMAL CLASSIFICATION NUMBER
Classification number 320.6 CAI/U
Edition number 23
100 1# - MAIN ENTRY--AUTHOR NAME
Personal name Cairney, Paul,
245 10 - TITLE STATEMENT
Title Understanding public policy :
Sub Title theories and issues /
Statement of responsibility, etc by Paul Cairney.
260 ## - PUBLICATION, DISTRIBUTION, ETC. (IMPRINT)
Place of publication . - New Delhi
Name of publisher : Bloomsburry
Year of publication , 2024
300 ## - PHYSICAL DESCRIPTION
Number of Pages xx+296 pages
Other physical details ill. ;
504 ## - BIBLIOGRAPHY, ETC. NOTE
Bibliography, etc Includes bibliographical references and index.
505 8# - FORMATTED CONTENTS NOTE
Formatted contents note Machine generated contents note: -- Introduction: A Multiple Lens Approach to Policy Change -- What is Public Policy and How Do We Identify Continuity and Change? -- Power, Governance and Decision-Making -- Institutions and Policy Change -- Rationality and Incrementalism -- Structural explanations -- Rational Choice theory -- Multi-level Governance -- Punctuated Equilibrium and Venue Shift -- Advocacy Coalition Framework -- The Role of Ideas, Knowledge and Beliefs -- Policy Transfer -- Implementation, Evaluation and Learning -- Conclusion.
520 ## - SUMMARY, ETC.
Summary, etc "This book is a new introduction to theories of public policy. The author provides an accessible assessment of a wide range of theories and models from policy cycles, policy transfer, rational choice and socio-economic explanations to multi-level governance, advocacy coalitions and punctuated equilibrium and of their value to policy analysis"--Provided by publisher.
650 #0 - SUBJECT ADDED ENTRY--TOPICAL TERM
Topical Term Political planning.
650 #0 - SUBJECT ADDED ENTRY--TOPICAL TERM
Topical Term Public administration.
942 ## - ADDED ENTRY ELEMENTS (KOHA)
Source of classification or shelving scheme Dewey Decimal Classification
Koha item type Book
Holdings
Withdrawn status Lost status Source of classification or shelving scheme Damaged status Not for loan Home Library Current Location Date acquired Full call number Accession Number Price effective from Koha item type
    Dewey Decimal Classification     Dept. of Political Science Dept. of Political Science 11/09/2025 320.6 CAI/U POL23838 19/06/2026 Book